| 000 | 00815nam a2200265Ia 4500 | ||
|---|---|---|---|
| 003 | OSt | ||
| 005 | 20220923211047.0 | ||
| 006 | a|||||r|||| 00| 0 | ||
| 007 | ta | ||
| 008 | 220922b |||||||| |||| 00| 0 hin d | ||
| 020 | _a8176670030 (hbk) | ||
| 024 | _a158,525 | ||
| 037 | _cTextual | ||
| 040 |
_aARTS _cARTS _bhin |
||
| 041 |
_2hin _ahin |
||
| 082 | _aO152,1N112:g, N9 | ||
| 100 |
_aराहुल _9157757 |
||
| 245 | 0 | _aशमशेर और उनकी कविता | |
| 246 | _aShamasher aur unakī kavitā | ||
| 260 |
_aदिल्ली _b भावना प्रकाशन _c1999 |
||
| 300 |
_a216 पृ. _ccm. |
||
| 650 |
_aहिन्दी साहित्य _9156264 |
||
| 942 |
_hO152,1N112:g, N9 _cTEXL _2CC |
||
| 999 |
_c294673 _d294673 |
||